| 000 | 00886nac a22002531i 4500 | ||
|---|---|---|---|
| 003 | EG-ScBUE | ||
| 005 | 20230622101828.0 | ||
| 008 | 230622s1959 caua f 000 0 eng d | ||
| 035 | _a(OCoLC)ocm31299449 | ||
| 040 |
_aEG-ScBUE _beng _erda _cEG-ScBUE _dEG-ScBUE |
||
| 082 | 0 | 4 |
_a905 _bCIV _222 |
| 245 | 0 | 0 |
_aCivilization / _bV. F. Lenzen [and six others] |
| 264 | 1 |
_aBerkeley ; _aLos Angeles, California ; _aLondon : _bUniversity Of California Press : _bCambridge University Press, _c1959. |
|
| 300 |
_a176 pages : _billustrations (some color) ; _c28 cm |
||
| 336 |
_2rdacontent _atext _btxt |
||
| 337 |
_2rdamedia _aunmediated _bn |
||
| 338 |
_2rdacarrier _avolume _bnc |
||
| 650 | 7 |
_aCivilization. _2BUEsh |
|
| 651 | 0 | _x. | |
| 655 | _vReading book | ||
| 700 | 1 |
_aLenzen, Victor F. _q(Victor Fritz), _d1890-1975, _eauthor. |
|
| 942 |
_cBB _2ddc |
||
| 999 |
_c2997 _d2997 |
||